Normal view
MARC view
- Popper, Karl R.
Entry Nombre Personal
001 - NUMERO DE CONTROL
- campo de control: 192
003 - IDENTIFICADOR DE NUMERO DE CONTROL
- campo de control: DLC
005 - FECHA Y HORA DE LA ÜLTIMA TRANSACCIÓN
- campo de control: 20240912093941.0
008 - DATOS DE LONGITUD FIJA
- campo de control de longitud fija: 800522n| azannaabn a aaa
010 ## - NÚMERO DE CONTROL DE LA BIBLIOTECA DEL CONGRESO
- Número de control LC: n 80032184
035 ## - NUMERO DE CONTROL
- Número de control: (OCoLC)oca00414387
040 ## - FUENTE DE CATALOGACIÓN
- Agencia original de catalogación: DLC
- Lenguaje de catalogación: spa
- Description conventions: rda
- Agencia de transcripción: DLC
- Agencia que lo modifica: DLC
- Agencia que lo modifica: DLC-R
- Agencia que lo modifica: InU
- Agencia que lo modifica: DLC
- Agencia que lo modifica: OCoLC
- Agencia que lo modifica: NNC-EA
- Agencia que lo modifica: DNLM
- Agencia que lo modifica: DLC
- Agencia que lo modifica: MX-MxUPN
046 ## - FECHAS CON CODIFICACIÓN ESPECIAL
- Fecha de nacimiento: 1902
- Fecha de muerte: 1994
100 1# - ENCABEZAMIENTO - NOMBRE PERSONAL
- Nombre personal: Popper, Karl R.
- Fuller form of name: (Karl Raimund),
- Fechas asociadas con el nombre: 1902-1994
400 1# - VEÁSE - NOMBRE DE PERSONA
- Personal name: Poper, Karl,
- Dates associated with a name: 1902-1994
400 1# - VEÁSE - NOMBRE DE PERSONA
- Personal name: Popper, Karl,
- Dates associated with a name: 1902-1994
400 1# - VEÁSE - NOMBRE DE PERSONA
- Personal name: Popper, K. R.
- Fuller form of name: (Karl Raimund),
- Dates associated with a name: 1902-1994
400 1# - VEÁSE - NOMBRE DE PERSONA
- Personal name: Popper, Karl Raimund,
- Dates associated with a name: 1902-1994
670 ## - FUENTE EN LA QUE SE LOCALIZARON DATOS
- Cita de la fuente: Artigas, M. Karl Popper, búsqueda sin termino, 1979:
- Información localizada: portada (Karl Popper)
902 ## - CATALOGADOR
- Catalogador: Víctor Ruiz/310123
